000 00490nam a2200193 a 4500
001 8977
003 CO-ViMGA
008 141112s2004 ck r 000 u spa d
020 _a848156043X
040 _aCO-ViMGA
_bspa
_cCO-ViMGA
082 0 4 _a927 F853n
100 1 _aGala - Salvador Dalí,
_99188
245 1 0 _aNuevas salas
260 _aMadrid(España).Electa.1994
300 _a73.p.Fotos.il.
650 1 4 _aPINTURA ESPAÑOLA
_99189
650 1 4 _aSALVADOR DALÍ
_99190
942 _2ddc
_cBK
999 _c20557
_d20557